Statistics for Most-Mentioned Characters in the Iliad

Click here to take the quiz!

General Stats

  • This quiz has been taken 15,405 times
  • The average score is 14 of 30

Answer Stats

#DescriptionCharacter% Correct
468King of the godsZeus
96%
423Wrathful Greek heroAchilles
90%
114God of warAres
84%
64God of the seaPoseidon
82%
159Goddess of wisdomAthena
81%
119Queen of the godsHera
81%
42"The face that launched 1000 ships"Helen
79%
47God of the underworldHades
78%
68Beauty contest judge who killed
the wrathful hero
Paris
76%
123Builder of the Trojan HorseOdysseus
72%
480Hero of TroyHector
71%
140God of lightApollo
66%
194King of MycenaeAgamemnon
63%
84King of the titansCronus
50%
184King of TroyPriam
42%
172Best friend of the wrathful heroPatroclus
40%
86Trojan hero who later traveled to ItalyAeneas
39%
206Name shared by two different
Greek heros
Ajax
39%
148King of SpartaMenelaus
38%
45Sea nymph who was the mother
of the wrathful hero
Thetis
18%
93King of PylosNestor
16%
135Father of the wrathful heroPeleus
14%
99King of ArgosDiomedes
11%
135Father of the king of MycenaeAtreus
9%
76Leader of the armies of CreteIdomeneus
5%
49Son of Zeus who fought for TroySarpedon
5%
96Father of the aboveTydeus
4%
59Prince of PylosAntilochus
3%
61Hero who owned the helmet
of Amyntor
Meriones
3%
46Father of a Greek hero who had
been one of Jason's argonauts
Telamon
3%

Score Distribution

Percentile by Number Answered

Percent of People with Each Score

Your Score History

You have not taken this quiz